Normal view MARC view
  • Urban Architecture

Entry Topical Term

Number of records used in: 1

001 - CONTROL NUMBER

  • control field: 20786

003 - CONTROL NUMBER IDENTIFIER

  • control field: OSt

005 - DATE AND TIME OF LATEST TRANSACTION

  • control field: 20220803172024.0

008 - FIXED-LENGTH DATA ELEMENTS

  • fixed length control field: 220803|| aca||aabn | a|a d

040 ## - CATALOGING SOURCE

  • Original cataloging agency: OSt
  • Transcribing agency: OSt

150 ## - HEADING--TOPICAL TERM

  • Topical term or geographic name entry element: Urban Architecture

670 ## - SOURCE DATA FOUND

  • Source citation: Work cat.: (OSt)13868: Borden I Ed. 20785, Unkown City : Contesting Architecture And Social Space, 2001